[Event "Tournoi francophone 022C"]
[Site "Skype"]
[Date "????.??.??"]
[Round "1.1"]
[White "Rivalta, Paolo"]
[Black "De Coninck, Philippe"]
[Result "0-1"]
[WhiteElo "1499"]
[BlackElo "1487"]
[PlyCount "60"]

1. d4 d5 2. Nf3 Nf6 3. g3 Bf5 4. Bg2 Nc6 5. Bg5 e6 6. O-O h6 7. Bf4 Bd6 8. Bxd6
Qxd6 9. e3 O-O-O 10. Nc3 a6 11. Re1 Ne4 12. Nxe4 Bxe4 13. a3 g5 14. Nd2 Bxg2
15. Kxg2 f5 16. b4 Na7 17. c4 h5 18. c5 Qc6 19. a4 g4 20. Nb3 h4 21. Qe2 hxg3
22. hxg3 Rh3 23. Rh1 Rxh1 24. Kxh1 Rh8+ 25. Kg2 Qe8 26. Qf1 e5 27. b5 exd4 28.
Nxd4 Qe4+ 29. f3 Qxe3 30. Qf2 Rh2+ 0-1

[Event "Tournoi francophone 022C"]
[Site "Skype"]
[Date "????.??.??"]
[Round "1.2"]
[White "Cengiz, Ali Ekber"]
[Black "Radice, Marco"]
[Result "1-0"]
[WhiteElo "1555"]
[BlackElo "1569"]
[PlyCount "78"]

1. e4 c5 2. Bc4 d6 3. Nf3 Nf6 4. e5 dxe5 5. Nxe5 e6 6. Bb5+ Bd7 7. Bc4 Bd6 8.
Nf3 O-O 9. O-O Nc6 10. c3 Ne5 11. Be2 Rc8 12. d4 Nxf3+ 13. Bxf3 cxd4 14. Qxd4
Bc5 15. Qd1 Qb6 16. Qc2 Bc6 17. Bxc6 Rxc6 18. Qe2 a5 19. Nd2 Rd8 20. Nb3 Be7
21. Be3 Qc7 22. Nd4 Rcd6 23. Nb5 Qb8 24. Bf4 e5 25. Nxd6 exf4 26. Ne4 Nd5 27.
Rad1 Qe5 28. Rfe1 Re8 29. Rxd5 Qxd5 30. Rd1 Qe5 31. Qd3 Rd8 32. Qxd8+ Bf8 33.
Qd4 Qh5 34. Qd3 h6 35. Nd6 Qh4 36. Qf3 g5 37. Nf5 g4 38. Nxh4 gxf3 39. Nxf3 Bc5
1-0

[Event "Tournoi francophone 022C"]
[Site "Skype"]
[Date "????.??.??"]
[Round "1.3"]
[White "Moumtaz, Abderrahim"]
[Black "Gharbi, Said"]
[Result "0-1"]
[WhiteElo "1577"]
[BlackElo "1546"]
[PlyCount "46"]

1. d4 c6 2. c4 d5 3. Nc3 Nf6 4. cxd5 cxd5 5. Nf3 Bg4 6. h3 Bxf3 7. exf3 e6 8.
Bb5+ Nbd7 9. O-O a6 10. Bd3 Bb4 11. Ne2 O-O 12. a3 Bd6 13. f4 Nh5 14. Qc2 g6
15. b4 Rc8 16. Qd2 Ndf6 17. g4 Ng7 18. Ng3 h5 19. gxh5 Nfxh5 20. Nxh5 Nxh5 21.
Be2 Nxf4 22. Qe3 Qg5+ 23. Kh1 Qg2# 0-1

[Event "Tournoi francophone 022C"]
[Site "Skype"]
[Date "????.??.??"]
[Round "1.4"]
[White "L'Herbon De Lussats, Jean"]
[Black "Sauvaget, Joel"]
[Result "1-0"]
[WhiteElo "1497"]
[BlackElo "1553"]
[PlyCount "79"]

1. e4 e5 2. Nf3 d6 3. d4 Nd7 4. Bc4 h6 5. c3 Ngf6 6. Nbd2 Be7 7. Qb3 O-O 8. O-O
Nb6 9. Bd3 Be6 10. Qc2 Re8 11. Nh4 Bf8 12. Nf5 Bxf5 13. exf5 Nbd5 14. Ne4 Nxe4
15. Bxe4 Nf6 16. Bxb7 Rb8 17. Bc6 Re7 18. Be3 Rb6 19. d5 Rb8 20. Bxa7 e4 21. b4
Nd7 22. Rae1 Qe8 23. Re3 Rd8 24. Rfe1 f6 25. Rxe4 Qf7 26. f4 Nb8 27. Bb7 c6 28.
Rxe7 Bxe7 29. dxc6 Bf8 30. Bb6 Re8 31. Rxe8 Qxe8 32. Bf2 Nxc6 33. Qb3+ Kh8 34.
c4 Nd8 35. Bd5 Qe7 36. a4 Nb7 37. a5 g5 38. fxg6 Bg7 39. f5 h5 40. Qh3 1-0

[Event "Tournoi francophone 022C"]
[Site "Skype"]
[Date "????.??.??"]
[Round "1.5"]
[White "Duthoit, Bernard"]
[Black "Scata, Laura"]
[Result "0-1"]
[WhiteElo "1566"]
[BlackElo "1583"]
[PlyCount "36"]

1. e4 c6 2. d4 d5 3. e5 Bf5 4. Bd3 Bxd3 5. Qxd3 e6 6. Nc3 c5 7. Qb5+ Qd7 8.
Qxd7+ Nxd7 9. dxc5 Bxc5 10. Nb5 Rc8 11. Be3 Be7 12. Nf3 a6 13. Nc3 Bc5 14. Bxc5
Rxc5 15. O-O Ne7 16. Rac1 Ng6 17. Rfe1 O-O 18. b4 Rxc3 0-1

[Event "Tournoi francophone 022C"]
[Site "Skype"]
[Date "????.??.??"]
[Round "2.1"]
[White "De Coninck, Philippe"]
[Black "Scata, Laura"]
[Result "1/2-1/2"]
[WhiteElo "1487"]
[BlackElo "1583"]
[PlyCount "118"]

1. e4 c6 2. d4 d5 3. Nc3 dxe4 4. Nxe4 Nd7 5. Qe2 e6 6. Nf3 Ngf6 7. Bg5 Be7 8.
Nxf6+ Nxf6 9. O-O-O Nd5 10. Bxe7 Qxe7 11. Kb1 a5 12. Qe5 O-O 13. Bd3 h6 14. h4
b5 15. g4 Qf6 16. Qxf6 Nxf6 17. g5 Ng4 18. Rdf1 f6 19. gxh6 Nxh6 20. Rhg1 Rf7
21. Rg6 Bd7 22. Rfg1 Kh8 23. h5 Be8 24. R6g2 Re7 25. Bg6 Bf7 26. Nh4 Rd8 27.
Rd1 Red7 28. Bxf7 Nxf7 29. Ng6+ Kh7 30. c3 Nh8 31. Rg4 Kh6 32. Nf4 e5 33. Ne6
Rg8 34. Rh1 exd4 35. Rxd4 Rxd4 36. Nxd4 Rc8 37. Kc2 Nf7 38. Nf5+ Kh7 39. Rg1
Ng5 40. f4 Ne6 41. Nd6 Rc7 42. f5 Ng5 43. a3 Rd7 44. Nc8 a4 45. Rd1 Rc7 46. Nd6
Nf7 47. Nxf7 Rxf7 48. Rd6 Rc7 49. b3 axb3+ 50. Kxb3 Kh6 51. Kb4 Kxh5 52. Kc5
Ra7 53. Rxc6 Rxa3 54. Kxb5 Ra7 55. c4 Re7 56. Rc5 Re4 57. Rc7 Kh6 58. c5 Re5
59. Kb6 Rxf5 1/2-1/2

[Event "Tournoi francophone 022C"]
[Site "Skype"]
[Date "????.??.??"]
[Round "2.2"]
[White "Sauvaget, Joel"]
[Black "Duthoit, Bernard"]
[Result "0-1"]
[WhiteElo "1553"]
[BlackElo "1566"]
[PlyCount "104"]

1. d4 e5 2. dxe5 Nc6 3. Nf3 Qe7 4. e3 Nxe5 5. Nxe5 Qxe5 6. c3 Nf6 7. h3 c6 8.
Nd2 d5 9. Nf3 Qd6 10. Be2 Be6 11. O-O Be7 12. Bd2 O-O 13. Nd4 Bd7 14. Re1 Ne4
15. Bf3 Nxd2 16. Qxd2 Qg6 17. Kh1 Qh6 18. Qe2 c5 19. Nc2 a6 20. Red1 Bb5 21.
Qd2 Rad8 22. Ne1 Bg5 23. a4 Bc6 24. Qe2 Rfe8 25. Kh2 d4 26. cxd4 cxd4 27. Bxc6
Qxc6 28. Qf3 Qxf3 29. Nxf3 Bf6 30. Nxd4 Bxd4 31. exd4 Re2 32. Kg1 Rxb2 33. d5
Rd6 34. Rd4 Kf8 35. Re1 f6 36. g4 a5 37. Kg2 Rb4 38. Rxb4 axb4 39. Rb1 Rb6 40.
d6 Ke8 41. a5 Rb5 42. Rc1 Kd7 43. Kf3 Kxd6 44. Rd1+ Kc5 45. Kf4 b3 46. Kf5 Kb4+
47. Kf4 Kxa5 48. Ke3 b2 49. Rb1 Ka4 50. Kd2 Ka3 51. Kc2 Rc5+ 52. Kd2 Ka2 0-1

[Event "Tournoi francophone 022C"]
[Site "Skype"]
[Date "????.??.??"]
[Round "2.3"]
[White "Gharbi, Said"]
[Black "L'Herbon De Lussats, Jean"]
[Result "1-0"]
[WhiteElo "1546"]
[BlackElo "1497"]
[PlyCount "55"]

1. e4 c5 2. c3 d6 3. d4 Nc6 4. Bc4 Nf6 5. Nd2 g6 6. Ngf3 Bg7 7. O-O O-O 8. Re1
a6 9. a4 Qc7 10. e5 Ng4 11. e6 Bxe6 12. Bxe6 fxe6 13. Ng5 Nxf2 14. Qe2 Nd8 15.
Nxe6 Nxe6 16. Qxe6+ Rf7 17. Rf1 cxd4 18. cxd4 Bxd4 19. Nb3 Ba7 20. Bd2 Ne4+ 21.
Kh1 Nxd2 22. Nxd2 Raf8 23. Rxf7 Rxf7 24. Rf1 Kg7 25. Rxf7+ Kh6 26. Qh3+ Kg5 27.
Qg3+ Kh5 28. Rxh7# 1-0

[Event "Tournoi francophone 022C"]
[Site "Skype"]
[Date "????.??.??"]
[Round "2.4"]
[White "Radice, Marco"]
[Black "Moumtaz, Abderrahim"]
[Result "0-1"]
[WhiteElo "1569"]
[BlackElo "1577"]
[PlyCount "46"]

1. d4 Nf6 2. Nf3 d5 3. g3 Bf5 4. Bg2 e6 5. O-O Bd6 6. c4 dxc4 7. Qa4+ c6 8.
Qxc4 O-O 9. Nc3 Nbd7 10. Rd1 Nb6 11. Qb3 Qc7 12. Bg5 Nbd7 13. Rac1 Qb6 14. Qc2
Bxc2 15. Rxc2 Rfd8 16. Ne4 Nxe4 17. Bxd8 Rxd8 18. Ne5 Bxe5 19. dxe5 Qxf2+ 20.
Kh1 Ng5 21. Rcd2 f6 22. Rxd7 Rxd7 23. Rxd7 Qe1+ 0-1

[Event "Tournoi francophone 022C"]
[Site "Skype"]
[Date "????.??.??"]
[Round "2.5"]
[White "Rivalta, Paolo"]
[Black "Cengiz, Ali Ekber"]
[Result "1/2-1/2"]
[WhiteElo "1499"]
[BlackElo "1555"]
[PlyCount "87"]

1. d4 d5 2. Nf3 Nf6 3. Bg5 Nbd7 4. e3 h6 5. Bh4 e6 6. Bd3 Be7 7. O-O c6 8. c4
O-O 9. Re1 Re8 10. Ne5 Nxe5 11. dxe5 Nd7 12. Bg3 f6 13. exf6 Bxf6 14. Qc2 Nf8
15. Nd2 e5 16. e4 d4 17. h3 Ng6 18. Nf3 c5 19. b3 Rf8 20. Qb2 a5 21. a3 Bg5 22.
Nxe5 Nxe5 23. Bxe5 Qe7 24. Bg3 Ra6 25. b4 b6 26. bxc5 bxc5 27. Qb5 Bf4 28. Bxf4
Rxf4 29. Qb8 Rf8 30. Qg3 Qe8 31. e5 Bf5 32. Bxf5 Rxf5 33. Re4 Rg6 34. Qh2 Re6
35. f4 h5 36. Qg3 Qa4 37. Qd3 Qe8 38. Rb1 g5 39. Qg3 Qg6 40. fxg5 Rxg5 41. Rb8+
Kh7 42. Qf3 Rgxe5 43. Qf8 Qg7 44. Qxg7+ 1/2-1/2

[Event "Tournoi francophone 022C"]
[Site "Skype"]
[Date "????.??.??"]
[Round "3.1"]
[White "Cengiz, Ali Ekber"]
[Black "De Coninck, Philippe"]
[Result "0-1"]
[WhiteElo "1555"]
[BlackElo "1487"]
[PlyCount "94"]

1. e4 e5 2. Bc4 Nf6 3. Nc3 Bc5 4. h3 Nc6 5. Nf3 d6 6. d3 Bd7 7. Bg5 h6 8. Bh4
g5 9. Bg3 g4 10. Ng1 Nh5 11. hxg4 Nxg3 12. fxg3 Qg5 13. Nf3 Qxg4 14. Ne2 f5 15.
d4 Bxd4 16. Qd2 fxe4 17. Rh4 Qg6 18. Nfxd4 Nxd4 19. O-O-O Nxe2+ 20. Qxe2 Qxg3
21. Qh5+ Kd8 22. Rxe4 Qxg2 23. Ree1 c6 24. Qh4+ Kc7 25. Rg1 Qf3 26. Rdf1 Qe3+
27. Kb1 Raf8 28. Qe1 Qd4 29. Qa5+ Qb6 30. Qd2 Bh3 31. Rd1 d5 32. Bb3 Rhg8 33.
Qh2 Bg4 34. Qxe5+ Kd7 35. Rde1 Re8 36. Qc3 h5 37. a3 h4 38. Qd3 Rxe1+ 39. Rxe1
Rg7 40. Qf1 Be6 41. Qe2 Rg6 42. Qh2 h3 43. Re2 Qc7 44. Qh1 Qg3 45. Ka2 Qg1 46.
Qf3 h2 47. Qf8 h1=Q 0-1

[Event "Tournoi francophone 022C"]
[Site "Skype"]
[Date "????.??.??"]
[Round "3.2"]
[White "Moumtaz, Abderrahim"]
[Black "Rivalta, Paolo"]
[Result "1/2-1/2"]
[WhiteElo "1577"]
[BlackElo "1499"]
[PlyCount "92"]

1. d4 d5 2. c4 e6 3. Nc3 Bb4 4. Nf3 Nf6 5. a3 Bxc3+ 6. bxc3 O-O 7. Bg5 h6 8.
Bh4 Nbd7 9. e3 c6 10. Bd3 Qc7 11. O-O Re8 12. Qc2 e5 13. dxe5 Nxe5 14. Nxe5
Qxe5 15. Bg3 Qg5 16. Rfe1 Bd7 17. e4 dxe4 18. Bxe4 Nxe4 19. Rxe4 Bf5 20. Rxe8+
Rxe8 21. Qb3 Qe7 22. Qd1 Bc2 23. Qc1 Bd3 24. f3 Bxc4 25. Bf2 a6 26. Qd2 Rd8 27.
Qe1 Be2 28. Bd4 Re8 29. Ra2 Bc4 30. Qxe7 Rxe7 31. Ra1 b5 32. Kf2 Re2+ 33. Kg3
f5 34. a4 g5 35. h3 h5 36. f4 h4+ 37. Kf3 g4+ 38. hxg4 fxg4+ 39. Kxg4 Rxg2+ 40.
Kxh4 Be6 41. Be3 Rg4+ 42. Kh5 Kg7 43. axb5 axb5 44. Ra7+ Kg8 45. Rc7 Rg3 46.
Bd4 Bd5 1/2-1/2

[Event "Tournoi francophone 022C"]
[Site "Skype"]
[Date "????.??.??"]
[Round "3.3"]
[White "L'Herbon De Lussats, Jean"]
[Black "Radice, Marco"]
[Result "1-0"]
[WhiteElo "1497"]
[BlackElo "1569"]
[PlyCount "99"]

1. d4 Nf6 2. c4 g6 3. g3 Bg7 4. Bg2 O-O 5. Nf3 d6 6. O-O Nbd7 7. b4 Re8 8. a4
e5 9. d5 Nb6 10. Nbd2 Bd7 11. b5 a6 12. Qc2 axb5 13. cxb5 Bxb5 14. Rb1 Bxe2 15.
Re1 Ba6 16. Ng5 Nbxd5 17. Nde4 Nxe4 18. Bxe4 c6 19. Bd2 Nf6 20. Bg2 Ng4 21. h3
Nf6 22. Be3 d5 23. Bb6 Qd7 24. a5 e4 25. Rbd1 Bd3 26. Qb3 Nh5 27. Kh2 Qf5 28.
h4 Nf6 29. Bh3 Ng4+ 30. Kg1 h6 31. Nxf7 Kxf7 32. Be3 g5 33. Qxb7+ Kg8 34. Qxc6
gxh4 35. Bf4 hxg3 36. Bxg3 Be5 37. Bxe5 Qxf2+ 38. Kh1 Qh2+ 39. Bxh2 Nf2+ 40.
Kg2 Nxd1 41. Qg6+ Kf8 42. Bd6+ Re7 43. Qxh6+ Ke8 44. Qf6 Raa7 45. Rxd1 e3 46.
Rxd3 e2 47. Kf2 e1=Q+ 48. Kg2 Qe4+ 49. Rf3 d4 50. Qf8# 1-0

[Event "Tournoi francophone 022C"]
[Site "Skype"]
[Date "????.??.??"]
[Round "3.4"]
[White "Duthoit, Bernard"]
[Black "Gharbi, Said"]
[Result "0-1"]
[WhiteElo "1566"]
[BlackElo "1546"]
[PlyCount "54"]

1. e4 e5 2. Nf3 Nc6 3. Bc4 h6 4. d4 exd4 5. Nxd4 Nxd4 6. Qxd4 d6 7. O-O c5 8.
Qd1 Ne7 9. Nc3 Nc6 10. Bf4 Nd4 11. Ne2 Bg4 12. f3 Nxe2+ 13. Qxe2 Bh5 14. Rad1
Qb6 15. Bb5+ Kd8 16. e5 c4+ 17. Be3 Qxb5 18. exd6 Rc8 19. b3 a6 20. bxc4 Qxc4
21. Bb6+ Kd7 22. Bc7 Qxe2 23. Rfe1 Qe6 24. Rxe6 fxe6 25. g4 Bg6 26. Re1 Bxd6
27. Bxd6 Kxd6 0-1

[Event "Tournoi francophone 022C"]
[Site "Skype"]
[Date "????.??.??"]
[Round "3.5"]
[White "Scata, Laura"]
[Black "Sauvaget, Joel"]
[Result "0-1"]
[WhiteElo "1583"]
[BlackElo "1553"]
[PlyCount "76"]

1. d4 d5 2. Nf3 h6 3. e3 c6 4. Bd3 Nf6 5. Nbd2 e6 6. O-O Be7 7. c3 Nbd7 8. Qc2
O-O 9. e4 dxe4 10. Nxe4 Nxe4 11. Bxe4 Nf6 12. Bd3 Bd7 13. Ne5 Be8 14. Bd2 Bd6
15. f4 Qc7 16. Rae1 a6 17. Qd1 Rd8 18. Qf3 c5 19. Kh1 cxd4 20. cxd4 Rc8 21. Rc1
Qb8 22. Qg3 Kh8 23. Rxc8 Qxc8 24. Rc1 Qb8 25. Qe1 Bc6 26. Nxc6 bxc6 27. Rxc6
Bxf4 28. g3 Bxd2 29. Qxd2 Qb7 30. Qc2 Rc8 31. d5 Rd8 32. Bxa6 Qa8 33. Kg1 Nxd5
34. Qe4 Qxc6 35. Bd3 Qc1+ 36. Kg2 Qxb2+ 37. Kh3 Nf6 38. Qc4 Qd4 0-1

[Event "Tournoi francophone 022C"]
[Site "Skype"]
[Date "????.??.??"]
[Round "4.1"]
[White "De Coninck, Philippe"]
[Black "Sauvaget, Joel"]
[Result "0-1"]
[WhiteElo "1487"]
[BlackElo "1553"]
[PlyCount "58"]

1. e4 e5 2. Nf3 d6 3. Bc4 h6 4. O-O Nf6 5. d3 Be7 6. Nc3 c6 7. h3 O-O 8. Be3
Nbd7 9. Qd2 Nh7 10. Rad1 Nb6 11. Bb3 Bf6 12. Kh2 Re8 13. Rg1 Be6 14. g4 Bxb3
15. axb3 Re6 16. Ne2 Nd7 17. Ng3 Ndf8 18. Nf5 Bg5 19. Nxg5 Nxg5 20. Bxg5 hxg5
21. d4 Nh7 22. dxe5 Qc7 23. exd6 Qd7 24. Qd4 f6 25. h4 Rae8 26. f3 gxh4 27. g5
Nxg5 28. Nxh4 Re5 29. Qd2 Qh3# 0-1

[Event "Tournoi francophone 022C"]
[Site "Skype"]
[Date "????.??.??"]
[Round "4.2"]
[White "Gharbi, Said"]
[Black "Scata, Laura"]
[Result "1-0"]
[WhiteElo "1546"]
[BlackElo "1583"]
[PlyCount "159"]

1. e4 c6 2. Nf3 d5 3. e5 Bf5 4. d4 e6 5. c4 dxc4 6. Bxc4 Nd7 7. O-O Ne7 8. Nh4
Nb6 9. Bb3 Nbd5 10. Bg5 h6 11. Nxf5 hxg5 12. Nd6+ Kd7 13. Nxf7 Qe8 14. Nxh8 Nf5
15. Nc3 Bb4 16. Nxd5 Qxh8 17. Ne3 g6 18. Ng4 Be7 19. Rc1 Qh7 20. Rc5 Rh8 21.
Qf3 Nxd4 22. Qd3 Kc7 23. Ra5 Nb5 24. Bxe6 Rd8 25. Qc4 Rd4 26. Qe2 Kb6 27. Rxb5+
cxb5 28. Qe3 Bc5 29. Qf3 Qe7 30. Qf6 Kc7 31. Qxg6 Qd8 32. h3 Rd2 33. b3 Qd4 34.
Qf7+ Kb6 35. Bf5 Rxa2 36. Qf6+ Ka5 37. e6 Qb4 38. Qxg5 Be7 39. Qe3 b6 40. Ne5
Ka6 41. Nc6 Qd6 42. Nxe7 Qxe7 43. Qe5 Ra3 44. Rb1 Ra2 45. Qe4 Qc5 46. Qf3 Ra3
47. h4 b4 48. Bd3+ b5 49. h5 Qc3 50. e7 Qe5 51. Qe4 Qc3 52. e8=Q Rxb3 53. Q8e6+
Ka5 54. Qb7 Rxb1+ 55. Bxb1 Qc1+ 56. Kh2 Qf4+ 57. g3 Qxf2+ 58. Kh3 Qf1+ 59. Kh4
Qh1+ 60. Kg4 Qxb7 61. h6 b3 62. Qxb3 Qd7+ 63. Bf5 Qd4+ 64. Kg5 Qd8+ 65. Kh5
Qe8+ 66. Kg4 Qe2+ 67. Qf3 Qc4+ 68. Be4 Qc8+ 69. Qf5 Qg8+ 70. Kf4 Qb8+ 71. Kf3
Qc7 72. g4 Qc3+ 73. Bd3 Qc6+ 74. Kg3 Qd6+ 75. Kh4 Qxh6+ 76. Kg3 Qd6+ 77. Kf3
Qc6+ 78. Ke2 Qe8+ 79. Kd2 Qh8 80. Qxb5# 1-0

[Event "Tournoi francophone 022C"]
[Site "Skype"]
[Date "????.??.??"]
[Round "4.3"]
[White "Radice, Marco"]
[Black "Duthoit, Bernard"]
[Result "0-1"]
[WhiteElo "1569"]
[BlackElo "1566"]
[PlyCount "94"]

1. d4 e5 2. dxe5 Nc6 3. Nf3 Qe7 4. Bf4 Qb4+ 5. c3 Qxf4 6. g3 Qf5 7. Bg2 Nxe5 8.
O-O Nf6 9. Nbd2 d6 10. Qa4+ Bd7 11. Qb3 Bc6 12. Nh4 Qd7 13. Ndf3 Be7 14. Nxe5
dxe5 15. Rfd1 Qe6 16. Bxc6+ Qxc6 17. Nf5 Bf8 18. Rd3 g6 19. Nh4 Bg7 20. Qb4 Nd5
21. Qb3 Rd8 22. Rad1 O-O 23. Rxd5 Rxd5 24. Rxd5 Qb6 25. Qxb6 axb6 26. Rd7 Rc8
27. Nf3 b5 28. Ng5 b6 29. Nxf7 e4 30. Nd8 Bf6 31. Nc6 Bg5 32. Rd5 Bc1 33. Rxb5
e3 34. f3 Re8 35. b3 Re6 36. Nd8 Rd6 37. Nb7 Rd1+ 38. Kg2 Rd2 39. f4 Rxe2+ 40.
Kf3 Rxh2 41. Rd5 Bd2 42. Rd8+ Kg7 43. Rd7+ Kh6 44. Re7 Rf2+ 45. Kg4 e2 46. Kh4
e1=Q 47. Rxc7 Qh1+ 0-1

[Event "Tournoi francophone 022C"]
[Site "Skype"]
[Date "????.??.??"]
[Round "4.4"]
[White "Rivalta, Paolo"]
[Black "L'Herbon De Lussats, Jean"]
[Result "1-0"]
[WhiteElo "1499"]
[BlackElo "1497"]
[PlyCount "97"]

1. d4 d5 2. Nf3 Nf6 3. Nc3 g6 4. b3 Bg7 5. Bb2 O-O 6. e3 c5 7. Bb5 a6 8. Be2
Nbd7 9. O-O b5 10. a3 Bb7 11. Re1 Rc8 12. Rb1 Nb6 13. dxc5 Rxc5 14. b4 Rc8 15.
Bd3 Qc7 16. e4 Rfd8 17. e5 Ne4 18. Nxe4 dxe4 19. e6 exd3 20. exf7+ Kf8 21.
Bxg7+ Kxg7 22. cxd3 Bd5 23. Ng5 e5 24. Rc1 Qe7 25. Qd2 h6 26. Nf3 e4 27. Qb2+
Kxf7 28. Rcd1 Qb7 29. Ne5+ Kg8 30. Nxg6 Qg7 31. Qxg7+ Kxg7 32. Ne7 Rc2 33. dxe4
Rd7 34. exd5 Nc4 35. Nf5+ Kg6 36. Ne3 Rc3 37. Ng4 Rxa3 38. f4 Rg7 39. Re6+ Kf5
40. Nxh6+ Kxf4 41. Rf1+ Kg5 42. Rf5+ Kh4 43. g3+ Rgxg3+ 44. hxg3+ Rxg3+ 45. Kf2
Nd2 46. Rf4+ Kh3 47. Re3 Ne4+ 48. Rfxe4 Rxe3 49. Rxe3+ 1-0

[Event "Tournoi francophone 022C"]
[Site "Skype"]
[Date "????.??.??"]
[Round "4.5"]
[White "Cengiz, Ali Ekber"]
[Black "Moumtaz, Abderrahim"]
[Result "1-0"]
[WhiteElo "1555"]
[BlackElo "1577"]
[PlyCount "69"]

1. e4 e5 2. Bc4 Nf6 3. Nc3 Bc5 4. h3 O-O 5. d3 d6 6. Nge2 Be6 7. Bb5 c6 8. Ba4
Nbd7 9. Ng3 b5 10. Bb3 Bxb3 11. axb3 h6 12. O-O Re8 13. Nce2 d5 14. exd5 cxd5
15. c3 d4 16. Bd2 a5 17. b4 axb4 18. cxb4 Rxa1 19. Qxa1 Bd6 20. Nf5 Bf8 21. Rc1
Qb6 22. Rc2 Qb8 23. Qc1 Nb6 24. f3 Rc8 25. Neg3 Rxc2 26. Qxc2 Nbd5 27. Qc6 Bxb4
28. Bxb4 Nxb4 29. Qc1 Nxd3 30. Qc2 Nb4 31. Qb3 Nbd5 32. Ne4 Qb6 33. Kh2 Qb8 34.
Ned6 Qxd6 35. Nxd6 1-0

[Event "Tournoi francophone 022C"]
[Site "Skype"]
[Date "????.??.??"]
[Round "5.1"]
[White "Moumtaz, Abderrahim"]
[Black "De Coninck, Philippe"]
[Result "0-1"]
[WhiteElo "1577"]
[BlackElo "1487"]
[PlyCount "106"]

1. d4 e5 2. dxe5 Nc6 3. Nf3 Qe7 4. Qd5 Nb4 5. Qb3 b6 6. a3 Nc6 7. Bf4 Bb7 8. e4
O-O-O 9. Nc3 Na5 10. Qb4 Qxb4 11. axb4 Bxb4 12. Bc4 Nxc4 13. Rxa7 Kb8 14. Ra4
Bxc3+ 15. bxc3 Na5 16. O-O Ne7 17. Bg5 Rde8 18. Rd1 Kc8 19. Rad4 Bc6 20. c4 Nb7
21. Ra1 Nc5 22. Nd2 Ng6 23. f4 h6 24. f5 Nxe5 25. Bf4 g5 26. fxg6 fxg6 27. Rf1
g5 28. Bg3 d6 29. Bxe5 Rxe5 30. Re1 Rhe8 31. Kf1 Nxe4 32. Nxe4 Bxe4 33. Rd2
Bxg2+ 34. Kxg2 Rxe1 35. Kf2 R1e4 36. Rd3 Re2+ 37. Kg3 R8e3+ 38. Rxe3 Rxe3+ 39.
Kf2 Rc3 40. Ke2 Rxc2+ 41. Kd3 Rxh2 42. Kd4 g4 43. Ke3 Kd7 44. Kf4 h5 45. Kg3
Rh3+ 46. Kg2 Ke6 47. Kf2 Ke5 48. Kg2 Kf4 49. c5 dxc5 50. Kf2 g3+ 51. Kg2 Rh2+
52. Kg1 Kf3 53. Kf1 Re2 0-1

[Event "Tournoi francophone 022C"]
[Site "Skype"]
[Date "????.??.??"]
[Round "5.2"]
[White "L'Herbon De Lussats, Jean"]
[Black "Cengiz, Ali Ekber"]
[Result "1/2-1/2"]
[WhiteElo "1497"]
[BlackElo "1555"]
[PlyCount "130"]

1. d4 d5 2. c4 Nf6 3. Nc3 e6 4. g3 c6 5. Bg2 Bd6 6. Nf3 Nbd7 7. O-O O-O 8. Qc2
Nb6 9. c5 Bxg3 10. fxg3 Nbd7 11. Bf4 Re8 12. Bd6 Ne4 13. Nxe4 dxe4 14. Qxe4 Nf6
15. Qc2 Ng4 16. Qc3 f6 17. Bh3 Nh6 18. Rae1 Nf7 19. Bf4 b6 20. b4 a5 21. a3
axb4 22. axb4 bxc5 23. bxc5 Ra2 24. Bg2 Ba6 25. Rf2 Bb5 26. e4 Rxf2 27. Kxf2
Qa8 28. e5 f5 29. Ng5 Nh6 30. h3 Rf8 31. Nxe6 Qa2+ 32. Re2 Qxe2+ 33. Kg1 Ra8
34. Qe3 Qxe3+ 35. Bxe3 Nf7 36. Nc7 Ra3 37. Kf2 Ra7 38. Ne6 Re7 39. Nf4 g5 40.
Nh5 h6 41. Nf6+ Kf8 42. Bf3 Nd8 43. g4 f4 44. Bd2 Ne6 45. Bc3 Ng7 46. d5 cxd5
47. Bxd5 Ne8 48. e6 Nc7 49. Bb4 Nxd5 50. Nxd5 Rxe6 51. c6+ Kf7 52. c7 Re2+ 53.
Kf3 Ba6 54. Bc5 Ke6 55. Nb4 Kd7 56. Nxa6 Rc2 57. Bf8 Ra2 58. Nc5+ Kxc7 59. Bxh6
Ra3+ 60. Kg2 Ra2+ 61. Kf3 Ra3+ 62. Kg2 Ra2+ 63. Kf3 Ra3+ 64. Kg2 Ra2+ 65. Kf3
Ra3+ 1/2-1/2

[Event "Tournoi francophone 022C"]
[Site "Skype"]
[Date "????.??.??"]
[Round "5.3"]
[White "Duthoit, Bernard"]
[Black "Rivalta, Paolo"]
[Result "0-1"]
[WhiteElo "1566"]
[BlackElo "1499"]
[PlyCount "26"]

1. e4 e5 2. Nf3 d6 3. Bc4 Bg4 4. O-O Nf6 5. Nc3 Nc6 6. d3 Qd7 7. a3 O-O-O 8.
Be3 h5 9. Bg5 Nd4 10. Re1 Bxf3 11. gxf3 Re8 12. Ne2 Nxf3+ 13. Kh1 Qh3 0-1

[Event "Tournoi francophone 022C"]
[Site "Skype"]
[Date "????.??.??"]
[Round "5.4"]
[White "Scata, Laura"]
[Black "Radice, Marco"]
[Result "1-0"]
[WhiteElo "1583"]
[BlackElo "1569"]
[PlyCount "63"]

1. d4 Nf6 2. Nf3 g6 3. b3 Bg7 4. Bb2 O-O 5. e3 d6 6. Bd3 Nbd7 7. O-O Re8 8. e4
e5 9. dxe5 dxe5 10. Nbd2 Nc5 11. Nc4 Nxd3 12. Qxd3 Nd7 13. Rad1 Bf6 14. Rfe1
Qe7 15. Ne3 c6 16. Qd6 Nc5 17. Qxe7 Rxe7 18. Rd8+ Kg7 19. Nc4 Nd7 20. Nd6 Re6
21. Rxc8 Rxc8 22. Nxc8 a6 23. Nd2 Nc5 24. f3 Re8 25. Nb6 Rd8 26. Ndc4 Bg5 27.
Bxe5+ f6 28. Bb2 Ne6 29. e5 Nd4 30. Bxd4 Rxd4 31. e6 Rd8 32. e7 1-0

[Event "Tournoi francophone 022C"]
[Site "Skype"]
[Date "????.??.??"]
[Round "6.1"]
[White "De Coninck, Philippe"]
[Black "Gharbi, Said"]
[Result "1-0"]
[WhiteElo "1487"]
[BlackElo "1546"]
[PlyCount "70"]

1. e4 b6 2. d4 Na6 3. Nf3 c5 4. c3 d5 5. e5 e6 6. Bxa6 Bxa6 7. Qa4+ Qd7 8. Qxa6
cxd4 9. cxd4 Bb4+ 10. Bd2 Qc7 11. Qb5+ Qd7 12. Qxd7+ Kxd7 13. Bxb4 Rc8 14. O-O
Rc2 15. Ba3 Nh6 16. Nc3 Rc8 17. Rac1 Rxc1 18. Rxc1 b5 19. Bb4 Nf5 20. g4 Ne7
21. Ne2 Nc6 22. Bc5 a5 23. Ng5 h6 24. Nxf7 Ne7 25. Bxe7 Rxc1+ 26. Nxc1 Kxe7 27.
Nb3 Kxf7 28. Nxa5 Ke7 29. Kf1 Kd7 30. Ke2 Kc7 31. Kd3 Kb6 32. b4 g5 33. Kc3 Ka6
34. Kb3 Kb6 35. a4 Ka6 1-0

[Event "Tournoi francophone 022C"]
[Site "Skype"]
[Date "????.??.??"]
[Round "6.3"]
[White "Rivalta, Paolo"]
[Black "Scata, Laura"]
[Result "1/2-1/2"]
[WhiteElo "1499"]
[BlackElo "1583"]
[PlyCount "63"]

1. d4 c6 2. e4 d5 3. e5 Bf5 4. Nf3 e6 5. h3 a6 6. Bg5 Qb6 7. b3 h6 8. Bh4 c5 9.
dxc5 Qxc5 10. Bd3 Bxd3 11. Qxd3 Nc6 12. a3 Be7 13. Bg3 Bd8 14. O-O Nge7 15. Nc3
Nf5 16. Na4 Qa7 17. Bf4 O-O 18. Nc3 Bb6 19. Nxd5 exd5 20. Qxf5 Ne7 21. Qg4 Ng6
22. Rad1 Rad8 23. e6 Nxf4 24. e7 Ne6 25. exf8=Q+ Nxf8 26. Qf5 d4 27. Ne5 f6 28.
Nc4 Bc5 29. b4 Be7 30. Qe4 b5 31. Na5 Rd6 32. Nb7 1/2-1/2

[Event "Tournoi francophone 022C"]
[Site "Skype"]
[Date "????.??.??"]
[Round "6.4"]
[White "Cengiz, Ali Ekber"]
[Black "Duthoit, Bernard"]
[Result "1-0"]
[WhiteElo "1555"]
[BlackElo "1566"]
[PlyCount "53"]

1. e4 e6 2. d4 c5 3. d5 Nf6 4. Nc3 exd5 5. exd5 d6 6. h3 b6 7. Bg5 Be7 8. Nf3
O-O 9. Bc4 h6 10. Bxf6 Bxf6 11. O-O Re8 12. Re1 Bd7 13. Nh2 Rxe1+ 14. Qxe1 Bf5
15. Qd2 Nd7 16. Nf3 Ne5 17. Nxe5 Bxe5 18. Re1 a6 19. Nd1 b5 20. Be2 Qf6 21. c3
Qg6 22. Qe3 Bb1 23. f4 Bf6 24. Nf2 Bxa2 25. Bd3 Qh5 26. Qe8+ Rxe8 27. Rxe8# 1-0

[Event "Tournoi francophone 022C"]
[Site "Skype"]
[Date "????.??.??"]
[Round "6.5"]
[White "Moumtaz, Abderrahim"]
[Black "L'Herbon De Lussats, Jean"]
[Result "0-1"]
[WhiteElo "1577"]
[BlackElo "1497"]
[PlyCount "64"]

1. d4 d5 2. c4 Nf6 3. cxd5 Nxd5 4. e4 Nf6 5. Nc3 b6 6. Nf3 Bb7 7. Bd3 Nbd7 8.
O-O e6 9. Bf4 c5 10. Nb5 Rc8 11. Nxa7 Ra8 12. Nb5 Rc8 13. Nd6+ Bxd6 14. Bxd6
Nxe4 15. Bf4 cxd4 16. Nxd4 e5 17. f3 Nec5 18. Re1 O-O 19. Bxe5 Nxe5 20. Rxe5
Qxd4+ 21. Kh1 Qxe5 22. Rb1 Rfd8 23. Qe2 Nxd3 24. Qxe5 Nxe5 25. f4 Ng4 26. Kg1
Ne3 27. Kf2 Nxg2 28. f5 Rc2+ 29. Kg3 f6 30. a4 Rd3+ 31. Kg4 Rc4+ 32. Kh5 Bf3#
0-1